|
|
|
|
| LEADER |
00000nab a2200000 a 4500 |
| 001 |
vtls000222113 |
| 003 |
SK-MaSNL |
| 005 |
20260304172405.0 |
| 008 |
250526c1985 xo 0 slo |
| 015 |
|
|
|a SNBRB19rr/mm-uuuuu
|
| 035 |
|
|
|a CL0232227
|
| 035 |
|
|
|a urn:nbn:sk:snk-ab2cn5
|
| 035 |
|
|
|a (urnnbn)urn:nbn:sk:snk:ar-a025e0
|
| 035 |
|
|
|a (uuid)262bcd6a-7bdd-42c7-adb0-3ef446f04ad2
|
| 040 |
|
|
|a SNKBUCL
|b slo
|c SNKBUCL
|e AACR2
|
| 041 |
0 |
|
|a slo
|
| 044 |
|
|
|a xo
|c SK
|
| 080 |
|
|
|a 630
|2 1981
|
| 100 |
1 |
|
|a Stanislav, Vladimír
|4 aut
|9 406659
|
| 245 |
1 |
0 |
|a V súčasnosti hospodárskeho vedenia a odborovej organizácie
|c Vladimír Stanislav
|
| 300 |
|
|
|b Obr. 2.
|
| 650 |
0 |
7 |
|a Západoslovenské štátne lesy, Bratislava
|2 snkbucl
|9 929637
|
| 655 |
|
7 |
|a články z novín a časopisov
|2 snkbucl
|9 267496
|
| 773 |
0 |
|
|t Les
|g Roč. 41, č. 8 (1985), s. 359-362
|
| 850 |
|
|
|a Slovenská národná knižnica
|
| 852 |
|
|
|a Slovenská národná knižnica
|
| 954 |
|
|
|a odborná, vedecká literatúra pôvodná (slovenská)
|2 lita
|
| 957 |
|
|
|a 5100
|
| 958 |
|
|
|a ONDV
|
| 958 |
|
|
|a article2022
|
| 958 |
|
|
|a RK
|
| 992 |
|
|
|a RBX
|
| 999 |
|
|
|c 2998167
|d 3000097
|